Bayesian Econometric Modelling for Big Data (Record no. 1851270)

MARC details
000 -LEADER
fixed length control field 00444 a2200169 4500
005 - DATE AND TIME OF LATEST TRANSACTION
control field 20260515122249.0
008 - FIXED-LENGTH DATA ELEMENTS--GENERAL INFORMATION
fixed length control field 260515b |||||||| |||| 00| 0 eng d
020 ## - INTERNATIONAL STANDARD BOOK NUMBER
International Standard Book Number 9781032915258
040 ## - CATALOGING SOURCE
Transcribing agency SDCL
041 ## - LANGUAGE CODE
Source of code eng
Language code of text/sound track or separate title eng
084 ## - COLON CLASSIFICATION NUMBER
Classification number X:(B) R5
100 ## - MAIN ENTRY--PERSONAL NAME
Personal name Qian, Hang
245 ## - TITLE STATEMENT
Title Bayesian Econometric Modelling for Big Data
260 ## - PUBLICATION, DISTRIBUTION, ETC.
Place of publication, distribution, etc. Boca raton :
Name of publisher, distributor, etc. Chapman & Hall,
Date of publication, distribution, etc. 2025.
300 ## - PHYSICAL DESCRIPTION
Extent xix, 466p.
942 ## - ADDED ENTRY ELEMENTS (KOHA)
Koha item type Textual
Source of classification or shelving scheme Colon Classification (CC)
100 ## - MAIN ENTRY--PERSONAL NAME
-- 1240124
999 ## -
-- 1851270
-- 1851270
Holdings
Withdrawn status Lost status Source of classification or shelving scheme Damaged status Not for loan Home library Current library Date acquired Source of acquisition Cost, normal purchase price Inventory number Total checkouts Full call number Barcode Date last seen Cost, replacement price Price effective from Koha item type
    Colon Classification (CC)     South Campus Library South Campus Library 2026-05-12 112 9591.92 2025-26/20 & 23-01-2026   X:(B) R5 SC1692059 2026-05-12 11989.90 2026-05-12 Textual
Copyright @ Delhi University Library System